Historical Sociology and Sociological History Theory and Practice

Na minha lista:
Detalhes bibliográficos
Autor principal: Fischer, Claude S.
Formato: Livro
Idioma:inglês
Publicado em: Florence European University Institute 1995
Edição:1. ed.
Colecção:EUI Working Paper SPS No.95/4
Assuntos:
Tags: Adicionar Tag
Sem tags, seja o primeiro a adicionar uma tag!

MARC

LEADER 00000nam a2200000 4500
001 c013313
005 20221221080157.4
041 0 |a eng 
044 |a IT 
245 1 0 |a Historical Sociology and Sociological History  |b Theory and Practice  |c Claude S. Fischer 
250 |a 1. ed. 
264 1 |a Florence  |b European University Institute  |c 1995 
300 |a 22 s. 
490 1 |a EUI Working Paper SPS  |v No.95/4 
830 0 |a EUI Working Paper SPS  |v No.95/4 
610 2 0 |a sociológia 
610 2 0 |a dejiny 
610 2 0 |a história 
610 2 0 |a teória a prax 
100 1 |a Fischer, Claude S.